000 00962nam a2200265 i 4500
001 190676
003 ES-MaACL
005 20240225063057.0
008 220429s1999 sp a 001 1 spa
020 _a84-323-0974-5
080 _a821.134.2(899)-4"19"
100 0 _aGaleano, Eduardo,
_d1940-2015
_953368
245 1 0 _aPatas arriba :
_bla escuela del mundo al revés /
_cEduardo Galeano ; con grabados de José Guadalupe Posada.
250 _a4ª ed.
260 _aMadrid :
_bSiglo XXI de España,
_c1999.
300 _a365 p. :
_bil. ;
_c21 cm.
490 1 _aLa creación literaria
700 1 _aPosada, José Guadalupe (
_d1852-1913)
_9174409
830 1 _aLa creación literaria
_9179894
852 4 _aES-MaACL
_jA-14950
_9197857
_bR.152214
_cDEPO1
_dOlim: N-7950
_hDonación: José Lázaro
903 _9234219
_aLázaro García, José
_ednr
942 _2udc
_cMONOGRAFIA
999 _c190676
_d190676